000 01583nam a22002537a 4500
003 Uzh_bibl
008 260507b |||||||| |||| 00| 0 ukr d
020 _a978-617-7466-00-9
_c72.00
040 _bукр.
041 _2ukr
_aukr
080 _a821(477)
090 _a821(477)
_bЧ 42
100 _aЧемерис,Валентин
245 _aРогнеда
_cхудож. -оформлювач Л. П. Вировець
_hТекст
260 _aХарків
_bОрбіта
_c2016
300 _a283 с.
_fВ опр.
520 _a"Рогнеда" - роман-сказання про вродливу та гордовиту полоцьку княжну. Все, здавалося б, обіцяло їй любов, обожнювання і щастя. Але ці надії рухнули водномить, коли красуня Рогнеда опинилася в потоці бурхливих подій та суперництва двох рідних братів - Ярополка і Володимира Святославичів, коли виклично-гордо відмовила Володимиру, ще й назвала його зневажливо "сином рабині". Таких образ Володимир не прощав нікому..
521 _aДля широкого кола читачів
546 _aукр.
650 _aЛітературно-художнє видання
653 _aСказання
_aЯрополк
_aКняжна
655 _aПроза
_vРоман-сказання
942 _2udc
_cBK
999 _c17669
_d17669